00703nam a2200241 a 4500001001300000003000900013005001700022008004100039020001000080082001500090100001800105245005500123260004300178300000900221500003500230505001000265650002200275700001800297902000800315942000700323952011600330999001500446nice12345678IN_TiNIC20260116012556.0050524s1988 lona grp 000 0 eng  ac10000a269.2bGAL aGall, R James aEvangelistic Baptism in Dispensable to the Church. aLondonbOxford University Press c1988 a306p aincludes index and biblioraphy2 aIndex aEvangelistic Work1 aGall, R James bSRS cBK 001040708StackRoom-aHMIbHMId2007-07-13g100.00l0o269.2 GALp012753r2007-07-13v100.00w2005-05-24yBK c7513d7513